Понедельник начинается в субботу: Фантастические повести : [Для ст. шк. возраста]; Понедельник начинается в субботу; Парень из преисподней; Жук в муравейнике

Podrobná bibliografie
Hlavní autor: Стругацкий А. Н. Аркадий Натанович
Další autoři: Стругацкий Б. Н. Борис Натанович
Jazyk:ruština
Vydáno: Фрунзе, Мектеп, 1987
TOC:Понедельник начинается в субботу;
Парень из преисподней;
Жук в муравейнике;
Edice:Библиотека приключений и научной фантастики
Témata:
Médium: MixedMaterials Kniha
KOHA link:https://koha.lib.tpu.ru/cgi-bin/koha/opac-detail.pl?biblionumber=81855

MARC

LEADER 00000nam0a2200000 4500
001 81855
005 20231101213208.0
020 |a RU  |b 87-51207 
035 |a (RuTPU)RU\TPU\book\87984 
090 |a 81855 
100 |a 20050924d1987 m y0rusy5003 ca 
101 0 |a rus 
102 |a KG 
105 |a a z 000ay 
200 1 |a Понедельник начинается в субботу  |e Фантастические повести : [Для ст. шк. возраста]  |f А. Н. Стругацкий, Б. Н. Стругацкий 
210 |a Фрунзе  |c Мектеп  |d 1987 
215 |a 496 с.  |c ил.  |d 21 см 
225 1 |a Библиотека приключений и научной фантастики 
464 |t Понедельник начинается в субботу 
464 |t Парень из преисподней 
464 |t Жук в муравейнике 
610 1 |a фантастика 
610 1 |a повести 
675 |a Р2  |v 3 
700 1 |a Стругацкий  |b А. Н.  |c русский писатель  |c фантаст  |f 1925-1991  |g Аркадий Натанович  |2 stltpush  |3 (RuTPU)RU\TPU\pers\14615  |9 4854 
701 1 |a Стругацкий  |b Б. Н.  |c русский писатель  |c фантаст  |f 1933-  |g Борис Натанович  |2 stltpush  |3 (RuTPU)RU\TPU\pers\14616  |9 4855 
801 0 |a RU  |b RuMRKP  |c 19950417  |g psbo 
801 1 |a RU  |b 63413507  |c 20050924  |g PSBO 
801 2 |a RU  |b 63413507  |c 20170516  |g PSBO 
942 |c BK